000 00637nam a2200253Ia 4500
003 OSt
005 20221007105325.0
006 a|||||r|||| 00| 0
007 ta
008 221006b |||||||| |||| 00| 0 eng d
024 _a18,251
037 _cTextual
040 _aLCO
_cLCO
_beng
041 _2eng
_aeng
082 _aZ2,3, N4
100 _aJhabvala Noshirvan H.
_9101170
245 0 _aLaw of Contract
250 _a25th
260 _aBombay
_bC. Jamandas and Company India
_c1994
300 _a264
650 _aCONTRACT
942 _hZ2,3, N4
_cTEXL
999 _c1187814
_d1187814